[Event "Xtracon Chess Open 2017"]
[Site "Helsingor DEN"]
[Date "2017.07.30"]
[Round "10.27"]
[White "Miskulin, Dennis"]
[Black "Kaasen, Tor Fredrik"]
[Result "1/2-1/2"]
[BlackTitle "FM"]
[WhiteElo "2198"]
[BlackElo "2409"]
[WhiteFideId "1705520"]
[BlackFideId "1516647"]
[EventDate "2017.07.22"]

1. e4 e5 2. Nf3 Nc6 3. Bc4 Bc5 4. c3 Nf6 5. d3 a6 6. O-O d6 7. Re1 O-O 8. Nbd2
Ng4 9. Re2 Kh8 10. h3 f5 11. exf5 Nh6 12. Ne4 Ba7 13. Neg5 d5 14. Bb3 Bxf5 15.
Nxe5 Nxe5 16. Rxe5 Bxf2+ 17. Kxf2 Bg4+ 18. Nf3 Qh4+ 19. Kg1 Bxf3 20. Qe1 Qf6 21.
Bxh6 gxh6 22. Re6 Qg7 23. Qe5 Rg8 24. g4 Qxe5 25. Rxe5 Rae8 26. Rae1 Rxe5 27.
Rxe5 c6 28. Kh2 h5 29. Rxh5 Re8 30. Kg3 Be2 31. d4 Bd3 32. Re5 Rf8 33. Re7 Rb8
34. Kf4 Kg8 35. Ke5 Kf8 36. Kf6 a5 37. h4 Kg8 38. h5 Rf8+ 39. Ke5 b5 40. a4 Rf2
41. axb5 Bxb5 42. Ra7 Rxb2 43. Bd1 Rd2 44. Bb3 Rb2 45. Bd1 Rd2 46. Bb3 Rb2 47.
Bd1 1/2-1/2

[Event "Xtracon Chess Open 2017"]
[Site "Helsingor DEN"]
[Date "2017.07.30"]
[Round "10.28"]
[White "Schroeder, Christoph"]
[Black "Aabling-Thomsen, Jakob"]
[Result "0-1"]
[BlackTitle "IM"]
[WhiteElo "2196"]
[BlackElo "2391"]
[WhiteFideId "4605250"]
[BlackFideId "1407589"]
[EventDate "2017.07.22"]

1. e4 g6 2. d4 Bg7 3. c3 d6 4. Nf3 Nf6 5. Bd3 O-O 6. O-O Nc6 7. h3 e5 8. Na3 d5
9. exd5 Nxd5 10. dxe5 Nxe5 11. Nxe5 Bxe5 12. Qf3 c6 13. Bh6 Re8 14. Rfe1 Bd7 15.
Nc4 Bc7 16. Rxe8+ Bxe8 17. Re1 Qh4 18. Bc1 Rd8 19. Bf1 Bd7 20. g3 Qf6 21. Qxf6
Nxf6 22. Bg5 Kg7 23. Ne5 Bxe5 24. Rxe5 Be6 25. Kh2 Rd1 26. Bg2 Nd7 27. Ra5 a6
28. b3 Ra1 29. c4 f6 30. Be3 Kf7 31. Ra4 Nf8 32. Bf3 Bc8 33. c5 Ne6 34. Bg4 h5
35. Bf3 Nc7 36. Rd4 Nd5 37. Bxd5+ cxd5 38. g4 hxg4 39. hxg4 Rxa2 40. Kg3 a5 41.
Ra4 Rb2 42. Rxa5 Rxb3 43. Ra4 Bd7 44. Rd4 Ke6 45. Kf3 Bc6 46. Ke2 Rb2+ 47. Rd2
Rb3 48. g5 fxg5 49. Bxg5 Bb5+ 50. Ke1 Bd3 51. Ra2 d4 52. Ra4 Kd5 53. Bf6 Bc4 54.
Ra8 Rd3 55. Rd8+ Kxc5 56. Be7+ Kb5 57. Bf6 Rh3 58. Bxd4 Bd3 59. Rh8 Rf3 60. Kd2
Be4 61. Be3 Rf7 62. Rh4 Rd7+ 63. Kc3 Rc7+ 64. Kb3 Rc4 65. Rf4 Ra4 66. Rf6 Bd5+
67. Kc3 Rc4+ 68. Kb2 Be4 69. f3 Rb4+ 70. Kc3 Rc4+ 71. Kb2 Rc2+ 72. Kb3 Re2 73.
Bd4 Bd5+ 74. Kc3 Rg2 75. Rb6+ Ka5 76. Rb1 Bxf3 77. Kc4 Be2+ 78. Kd5 Rg5+ 79. Ke6
b5 80. Rb2 Bc4+ 81. Kf6 Rg4 82. Be3 Ka4 83. Bc5 Bb3 84. Rd2 Rc4 85. Bd4 Bc2 86.
Ke5 b4 87. Rh2 Rc8 88. Rh7 Kb5 89. Bf2 Re8+ 90. Kd5 Rd8+ 91. Ke5 b3 92. Bd4 Kc4
93. Bb2 Re8+ 94. Kd6 Kd3 95. Kc5 Rc8+ 96. Kb4 Rc4+ 97. Kb5 Rg4 98. Kc5 Rg2 99.
Rd7+ Ke3 100. Bd4+ Kf3 101. Rf7+ Kg4 102. Rb7 Bd1 103. Bg7 Kf5 104. Kd4 g5 105.
Ke3 Re2+ 106. Kd3 Re6 107. Bd4 Bc2+ 108. Kd2 Rd6 109. Ke3 Re6+ 110. Kf2 g4 111.
Rf7+ Ke4 112. Bb2 Bd1 113. Rd7 Bf3 114. Rb7 Bd1 115. Rd7 Bc2 116. Kg3 Rg6 117.
Rd4+ Ke3 118. Rxg4 Ra6 119. Rg7 Be4 120. Bc1+ Kd3 121. Bb2 Bd5 122. Rd7 Kc2 123.
Bd4 Rg6+ 124. Kf4 Bc6 125. Rg7 Rd6 126. Be5 b2 127. Bxb2 Kxb2 128. Rg3 Kc2 129.
Ke5 Rd5+ 130. Ke6 Ra5 131. Kd6 Be4 132. Rh3 Bd3 133. Rh4 Kc3 134. Rg4 Bc4 135.
Rh4 Kb4 136. Rg4 Rd5+ 137. Kc6 Rh5 138. Kd6 Kb5 139. Rg1 Rd5+ 140. Ke7 Rf5 141.
Kd6 Rd5+ 142. Ke7 Kc5 143. Rc1 Rf5 144. Rc2 Rf7+ 145. Ke8 Rh7 146. Kf8 Kd5 147.
Rg2 Kd6 148. Rg6+ Be6 149. Rf6 Ke5 150. Rf1 Ra7 151. Ke8 Bf5 152. Re1+ Kf6 153.
Kf8 Rf7+ 154. Ke8 Rc7 155. Kf8 Bg4 156. Rf1+ Bf5 157. Re1 Rc2 158. Re7 Ra2 159.
Rf7+ Ke5 160. Kg7 Rg2+ 161. Kf8 Be6 162. Rg7 Ra2 163. Rb7 Rh2 164. Kg7 Rg2+ 165.
Kh6 Kf6 166. Rb5 Rg8 167. Ra5 Rh8# 0-1

[Event "Xtracon Chess Open 2017"]
[Site "Helsingor DEN"]
[Date "2017.07.30"]
[Round "10.29"]
[White "Miedema, David"]
[Black "Halfhide, Sebastian"]
[Result "0-1"]
[WhiteTitle "IM"]
[WhiteElo "2373"]
[BlackElo "2253"]
[WhiteFideId "1018477"]
[BlackFideId "1045946"]
[EventDate "2017.07.22"]

1. d4 Nf6 2. c4 g6 3. Nc3 Bg7 4. e4 d6 5. f3 O-O 6. Bg5 c5 7. d5 h6 8. Be3 e6 9.
Qd2 exd5 10. cxd5 Nbd7 11. Nh3 a6 12. Nf2 h5 13. a4 Rb8 14. Be2 Ne8 15. O-O Nc7
16. Rab1 b5 17. b4 cxb4 18. Rxb4 a5 19. Rbb1 b4 20. Nb5 Nb6 21. Bg5 Qd7 22. Rfc1
Na6 23. Bf4 Nxa4 24. Qa2 N6c5 25. Bxd6 Rxb5 26. Bxb5 Qxb5 27. Qc4 Qxc4 28. Rxc4
Ba6 29. Rxc5 Nxc5 30. Bxc5 Rc8 31. Be7 b3 32. g4 b2 33. Ba3 Rc2 34. d6 Bd4 35.
d7 Bxf2+ 36. Kh1 Bh4 37. Bxb2 hxg4 38. Bd4 Kh7 39. fxg4 Rd2 40. Be3 Rxd7 0-1

[Event "Xtracon Chess Open 2017"]
[Site "Helsingor DEN"]
[Date "2017.07.30"]
[Round "10.30"]
[White "Hoi, Carsten"]
[Black "Palozza, Christian"]
[Result "1-0"]
[WhiteTitle "GM"]
[WhiteElo "2356"]
[BlackElo "2178"]
[WhiteFideId "1400100"]
[BlackFideId "895580"]
[EventDate "2017.07.22"]

1. d4 e6 2. c4 b6 3. Nc3 Bb7 4. a3 f5 5. Nf3 Nf6 6. g3 Be7 7. Bg2 O-O 8. O-O Ne4
9. Nxe4 Bxe4 10. Ne1 Bxg2 11. Nxg2 Bf6 12. d5 Na6 13. Rb1 Nc5 14. Qc2 a5 15. Be3
Qe7 16. Rfd1 g6 17. Nf4 Rfe8 18. Kg2 a4 19. Bxc5 Qxc5 20. Nd3 Qd6 21. Nb4 Ra5
22. e3 exd5 23. Nxd5 Qc6 24. Kg1 Bg7 25. Qe2 Re4 26. Rbc1 Rc5 27. Nb4 Qe6 28.
Nd5 Qc6 29. Qc2 d6 30. Qxe4 fxe4 31. Ne7+ Kf7 32. Nxc6 Rxc6 33. Rc2 Ke6 34. Kf1
Rc5 35. Ke2 Be5 36. Rd5 Rxd5 37. cxd5+ Kxd5 38. Rxc7 Bxb2 39. Rc2 Bxa3 40. Ra2
Bc5 41. Rxa4 b5 42. Ra1 h5 43. Rc1 g5 44. h3 b4 45. g4 hxg4 46. hxg4 b3 47. Rc3
b2 48. Rb3 Ba3 49. Kd1 Kc4 50. Kc2 Bb4 51. Rxb2 d5 52. Kd1 d4 53. exd4 Bc3 54.
Rb8 Bxd4 55. Ke2 Kd5 56. Rf8 Be5 57. Rf5 Kd4 58. Rxg5 1-0

[Event "Xtracon Chess Open 2017"]
[Site "Helsingor DEN"]
[Date "2017.07.30"]
[Round "10.31"]
[White "Rietze, Clemens"]
[Black "Brorsen, Jacob Abildlund"]
[Result "1-0"]
[WhiteTitle "FM"]
[WhiteElo "2343"]
[BlackElo "2153"]
[WhiteFideId "24620351"]
[BlackFideId "1411233"]
[EventDate "2017.07.22"]

1. d4 d5 2. c4 c6 3. Nc3 Nf6 4. Nf3 e6 5. Bg5 dxc4 6. e4 b5 7. e5 h6 8. Bh4 g5
9. Nxg5 hxg5 10. Bxg5 Be7 11. exf6 Bxf6 12. Bxf6 Qxf6 13. g3 Bb7 14. Bg2 Na6 15.
Ne4 Qe7 16. O-O O-O-O 17. a4 f5 18. axb5 cxb5 19. Rxa6 Bxa6 20. Nc5 Qxc5 21.
dxc5 Rxd1 22. Rxd1 Rd8 23. Rxd8+ Kxd8 24. Kf1 b4 25. Ke1 Bb5 26. Kd2 a5 27. Kc2
Ba4+ 28. Kc1 Bb3 29. Bf3 Ba4 30. Be2 Bb5 31. b3 Ke7 32. Bxc4 Bc6 33. Kd2 Kf6 34.
Ke3 e5 35. h4 Kg6 36. Be6 Kf6 37. Bg8 Kg7 38. Bc4 Kg6 39. Kd2 Kf6 40. Ba6 Kg6
41. Kd3 f4 42. gxf4 exf4 43. Kc4 Kh5 44. Bb5 Bg2 45. Bd7 1-0

[Event "Xtracon Chess Open 2017"]
[Site "Helsingor DEN"]
[Date "2017.07.30"]
[Round "10.32"]
[White "Dauth, Benjamin"]
[Black "Sorensen, Hampus"]
[Result "0-1"]
[WhiteTitle "FM"]
[WhiteElo "2332"]
[BlackElo "2137"]
[WhiteFideId "4688104"]
[BlackFideId "8703884"]
[EventDate "2017.07.22"]

1. e4 e5 2. Bc4 Nf6 3. d3 Bc5 4. Be3 Bxe3 5. fxe3 c6 6. Bb3 d5 7. exd5 cxd5 8.
Nc3 O-O 9. Nf3 d4 10. exd4 exd4 11. Ne2 Nc6 12. O-O Ng4 13. Qd2 Ne3 14. Rf2 Ng4
15. Rff1 Ne3 16. Rfe1 Nf5 17. Qf4 h6 18. h4 Kh8 19. Kf2 Be6 20. Ba4 Qb6 21. g4
Ne3 22. g5 h5 23. Ng3 Bg4 24. Bb3 Bxf3 25. Kxf3 Rae8 26. Ne4 Re5 27. Ke2 Rf5 28.
Qd6 Rd8 29. Qg3 Ne5 30. Rf1 Nxf1 31. Rxf1 Qg6 32. Rf4 Rf8 33. Qf2 Rxf4 34. Qxf4
f5 35. Ng3 Ng4 36. Kd2 Qc6 37. Ne2 Qg2 38. Be6 Nh2 39. Bd5 Qxd5 40. Qxh2 f4 41.
Qf2 f3 42. Nxd4 Qxd4 43. Qxd4 f2 44. Qxa7 f1=Q 45. Qxb7 Qf4+ 46. Kc3 Qxh4 47. b4
Qxg5 48. a4 h4 49. a5 h3 50. a6 Qg2 51. Qe7 Rc8+ 52. Kd4 h2 53. Qh4+ Kg8 54. Qe7
Qg4+ 0-1

[Event "Xtracon Chess Open 2017"]
[Site "Helsingor DEN"]
[Date "2017.07.30"]
[Round "10.33"]
[White "Kistrup, Nicolai"]
[Black "Bjerre, Jonas Buhl"]
[Result "0-1"]
[BlackTitle "FM"]
[WhiteElo "2177"]
[BlackElo "2330"]
[WhiteFideId "1444816"]
[BlackFideId "1444948"]
[EventDate "2017.07.22"]

1. c4 Nf6 2. Nf3 e6 3. g3 b6 4. Bg2 Bb7 5. O-O c5 6. b3 Be7 7. Bb2 O-O 8. d4
cxd4 9. Nxd4 Bxg2 10. Kxg2 a6 11. Nc3 Qc7 12. e4 d6 13. Qe2 Nbd7 14. f4 Rfe8 15.
g4 g6 16. Rae1 e5 17. Nc2 exf4 18. Rxf4 Ne5 19. Ref1 Qd8 20. Nb4 Nfd7 21. Rd1
Bg5 22. Rff1 Nc5 23. Ncd5 Rc8 24. Bd4 a5 25. Bxc5 bxc5 26. Nd3 a4 27. Qf2 Qd7
28. h3 Nxd3 29. Rxd3 Rxe4 30. bxa4 Rce8 31. Qf6 Bh6 32. Qxg6+ hxg6 33. Nf6+ Kg7
34. Nxd7 Rxc4 35. Rf2 Rxa4 36. Rxd6 Rd8 37. Nxc5 Rxg4+ 38. hxg4 Rxd6 39. Ne4 Rd4
40. Re2 f5 41. gxf5 gxf5 42. Ng3 Kf6 43. Rf2 f4 44. Ne2 Ra4 45. Ng1 Bf8 46. Nf3
Bc5 47. Rc2 Be3 48. Ne1 Kf5 49. Nd3 Ra3 50. Nxf4 Bxf4 51. Kf2 Be5 52. Ke2 Ke4
53. Rd2 Rh3 54. Kd1 Bc3 55. Rg2 Kd3 56. Rg1 Bd4 57. Rf1 Be3 58. Ke1 Rh2 59. Rf7
Rxa2 60. Kf1 Ke4 61. Rf8 Bf4 62. Ke1 Kf3 63. Kd1 Rd2+ 64. Ke1 Rd7 65. Rf6 Rc7
66. Kd1 Rc1# 0-1

[Event "Xtracon Chess Open 2017"]
[Site "Helsingor DEN"]
[Date "2017.07.30"]
[Round "10.35"]
[White "Issakainen, Ari"]
[Black "Rewitz, Poul"]
[Result "1-0"]
[BlackTitle "FM"]
[WhiteElo "2168"]
[BlackElo "2310"]
[WhiteFideId "500330"]
[BlackFideId "1401033"]
[EventDate "2017.07.22"]

1. d4 g6 2. g3 Bg7 3. Bg2 c6 4. Nf3 f5 5. O-O Nf6 6. c4 d6 7. Nc3 O-O 8. d5 cxd5
9. cxd5 Na6 10. Be3 Bd7 11. Rc1 b6 12. Qd2 Nc5 13. Ng5 Rc8 14. b4 Na6 15. a3 Ng4
16. Bd4 Ne5 17. Rfd1 Nc4 18. Qa2 Bxd4 19. Rxd4 e5 20. dxe6 Qxg5 21. f4 Qe7 22.
Rxc4 Kh8 23. Nd5 Qxe6 24. Qb2+ Kg8 25. Rxc8 Bxc8 26. Rxc8 Rxc8 27. Ne7+ Qxe7 28.
Bd5+ Qf7 29. Qd4 Rc7 30. Bxf7+ Rxf7 31. Qxd6 Nc7 32. h3 Ne8 33. Qd8 Kf8 34. Kf2
h5 35. Kf3 Re7 36. Qc8 Kf7 37. Qc4+ Kf8 38. g4 hxg4+ 39. hxg4 Nd6 40. Qd4 fxg4+
41. Kxg4 Ne8 42. Kg5 Kf7 43. e4 Re6 44. Qd7+ Re7 45. Qd5+ Kg7 46. Qc6 Kf8 47.
Kxg6 Rg7+ 48. Kf5 Rf7+ 49. Ke5 Nc7 50. f5 Ne8 51. Kf4 Ng7 52. Qa8+ Ke7 53. Qxa7+
Kf6 54. e5# 1-0

[Event "Xtracon Chess Open 2017"]
[Site "Helsingor DEN"]
[Date "2017.07.30"]
[Round "10.36"]
[White "Lund, Gunnar"]
[Black "Fossan, Petter"]
[Result "1/2-1/2"]
[BlackTitle "FM"]
[WhiteElo "2051"]
[BlackElo "2301"]
[WhiteFideId "1520814"]
[BlackFideId "1500260"]
[EventDate "2017.07.22"]

1. e4 c6 2. d4 d5 3. exd5 cxd5 4. Bd3 Nc6 5. c3 Qc7 6. Ne2 Bg4 7. O-O Nf6 8. Qe1
e6 9. f3 Bh5 10. Qh4 Rg8 11. Nf4 Bg6 12. Nxg6 hxg6 13. Bf4 Bd6 14. Bxd6 Qxd6 15.
Qg3 Ke7 16. Nd2 Qxg3 17. hxg3 Rab8 18. a4 Rgc8 19. Nb3 Kd6 20. Kf2 b6 21. g4 g5
22. Ke3 Na5 23. Nd2 Rh8 24. Rh1 e5 25. dxe5+ Kxe5 26. b4 Nc6 27. Nb3 Kd6 28. Nd4
Rbe8+ 29. Kd2 Nxd4 1/2-1/2

[Event "Xtracon Chess Open 2017"]
[Site "Helsingor DEN"]
[Date "2017.07.30"]
[Round "10.37"]
[White "Petersson, Baldur Teodor"]
[Black "Hobber, Anders"]
[Result "0-1"]
[BlackTitle "FM"]
[WhiteElo "2086"]
[BlackElo "2278"]
[WhiteFideId "2309157"]
[BlackFideId "1505424"]
[EventDate "2017.07.22"]

1. e4 e6 2. d3 d5 3. Nd2 c5 4. Ngf3 Nc6 5. g3 Nf6 6. Bg2 Be7 7. O-O b6 8. e5 Nd7
9. Re1 Qc7 10. Qe2 Bb7 11. h4 O-O-O 12. c4 d4 13. Ne4 Ndxe5 14. Nxe5 Nxe5 15.
Nxc5 Bxg2 16. Qxe5 Qxe5 17. Rxe5 Bh3 18. Ne4 f6 19. Rb5 e5 20. a4 Bd7 21. Rb3
Bc6 22. a5 b5 23. c5 a6 24. Bd2 Kb7 25. Rc1 Rc8 26. Bb4 Bd5 27. Ra3 Rc6 28. f4
f5 29. Nf2 exf4 30. Re1 Bf6 31. gxf4 Bxh4 32. Re5 Rg6+ 33. Kf1 Bf3 34. Rxf5 Re8
35. Ne4 Kc6 36. Rh5 Bxh5 0-1

[Event "Xtracon Chess Open 2017"]
[Site "Helsingor DEN"]
[Date "2017.07.30"]
[Round "10.38"]
[White "Svane, Frederik"]
[Black "Kunz, Andre"]
[Result "0-1"]
[WhiteElo "2276"]
[BlackElo "2103"]
[WhiteFideId "12923044"]
[BlackFideId "24623652"]
[EventDate "2017.07.22"]

1. e4 c6 2. d4 d5 3. exd5 cxd5 4. Bd3 Nc6 5. c3 Qc7 6. h3 Nf6 7. Nf3 g6 8. O-O
Bf5 9. Bxf5 gxf5 10. Re1 Rg8 11. Na3 a6 12. c4 O-O-O 13. c5 Ne4 14. Nc2 Nxf2 15.
Kxf2 Qg3+ 16. Ke3 e5 17. Kd2 e4 18. Kc3 exf3 19. Qxf3 Qxf3+ 20. gxf3 Rg3 21. Rf1
Rxh3 22. b4 Bg7 23. a4 Re8 24. b5 Nxd4 25. Nxd4 Re4 26. Ra2 Rxd4 27. Kb3 Rd3+
28. Kb4 Bc3+ 29. Kb3 Rdxf3 30. Rxf3 Rxf3 31. Ba3 Be1+ 32. Kc2 Rf2+ 33. Kb3 Rxa2
34. Kxa2 axb5 35. Bc1 h5 36. a5 h4 37. Be3 Bxa5 38. Bf2 h3 39. Bg3 Bc7 0-1

[Event "Xtracon Chess Open 2017"]
[Site "Helsingor DEN"]
[Date "2017.07.30"]
[Round "10.39"]
[White "Subramanian, Aditya"]
[Black "Lindgren, Philip"]
[Result "1/2-1/2"]
[BlackTitle "IM"]
[WhiteElo "2054"]
[BlackElo "2420"]
[WhiteFideId "1718924"]
[BlackFideId "1713230"]
[EventDate "2017.07.22"]

1. c4 Nf6 2. Nf3 e6 3. e3 d5 4. d4 Nbd7 5. Nc3 a6 6. a3 b6 7. b4 Bb7 8. c5 Ne4
9. Qc2 bxc5 10. bxc5 Bc6 11. a4 Nxc3 12. Qxc3 Be7 13. Bd3 O-O 14. O-O f5 15. Ne1
Nf6 16. Nc2 a5 17. Bb5 Ne4 18. Qe1 Qe8 19. f3 Nf6 20. Rb1 Bd7 21. Bd2 c6 22. Bd3
Bd8 23. Qg3 Bc8 24. Rb8 f4 25. Qxf4 e5 26. Rxa8 exf4 27. Rxc8 Qd7 28. Rb8 fxe3
29. Nxe3 Bc7 30. Rxf8+ Kxf8 31. Nf5 g6 32. Bh6+ Kf7 33. Ng3 Ng8 34. Bg5 h6 35.
Bd2 Kg7 36. Rb1 Qc8 37. Re1 Kf7 38. Kf2 h5 39. Bg5 Bd8 40. Bf4 Bc7 41. Bg5 Bd8
42. Bf4 Bf6 43. Ne2 g5 44. Bd6 g4 45. f4 Ne7 46. Rb1 Qh8 47. Ke3 h4 48. Rb8 Qh5
49. Rb7 Ke6 50. Be5 Nf5+ 51. Kd2 g3 52. hxg3 h3 53. gxh3 Qxh3 54. g4 Qxg4 55.
Bxf5+ 1/2-1/2

[Event "Xtracon Chess Open 2017"]
[Site "Helsingor DEN"]
[Date "2017.07.30"]
[Round "10.40"]
[White "Vestby-Ellingsen, Mads"]
[Black "Christiansen, Johan-Sebastian"]
[Result "0-1"]
[BlackTitle "IM"]
[WhiteElo "2175"]
[BlackElo "2471"]
[WhiteFideId "1520857"]
[BlackFideId "1512668"]
[EventDate "2017.07.22"]

1. d4 Nf6 2. c4 c5 3. d5 b5 4. cxb5 a6 5. bxa6 g6 6. a7 Rxa7 7. Nc3 Bg7 8. e4
O-O 9. Nf3 e6 10. Be2 exd5 11. exd5 d6 12. O-O Re7 13. Re1 Rfe8 14. Bd2 Ba6 15.
Bxa6 Rxe1+ 16. Nxe1 Nxa6 17. Qb3 Nc7 18. Nc2 Qa8 19. Qb6 Ncxd5 20. Qxd6 Nxc3 21.
Bxc3 Ne4 22. Qd3 Rd8 23. Qe3 Nxc3 24. bxc3 Qa5 25. Qe7 Bxc3 26. Rb1 Kg7 27. a4
Bf6 28. Qe4 Qc3 29. g3 Rd2 30. Ne3 Ra2 31. Ng4 Bd4 32. Qf4 Ra1 33. Rxa1 Qxa1+
34. Kg2 Qxa4 35. Qh6+ Kg8 36. Qg5 Qc6+ 37. f3 Qe6 38. Nh6+ Kg7 39. Ng4 h5 40.
Qh6+ Kg8 41. Nf2 Qe2 0-1

[Event "Xtracon Chess Open 2017"]
[Site "Helsingor DEN"]
[Date "2017.07.30"]
[Round "10.41"]
[White "Colpe, Malte"]
[Black "Guindy, Esmat Susanne"]
[Result "1-0"]
[BlackTitle "WFM"]
[WhiteElo "2412"]
[BlackElo "2158"]
[WhiteFideId "24623075"]
[BlackFideId "1401637"]
[EventDate "2017.07.22"]

1. d4 d5 2. Bf4 Nf6 3. e3 Bf5 4. c4 e6 5. Nc3 c6 6. Qb3 Qc8 7. Nf3 h6 8. cxd5
exd5 9. Rc1 Nbd7 10. Nb5 g5 11. Bg3 Ne4 12. Nc7+ Kd8 13. Nxa8 Nxg3 14. hxg3 Bg7
15. Bd3 Be6 16. Qc2 Qxa8 17. Bf5 Re8 18. Bxe6 Rxe6 19. Kf1 Ke7 20. Ne1 Nf6 21.
Nd3 Ng4 22. Qc5+ Kf6 23. Ke2 Qe8 24. Kd2 b6 25. Qc2 Ke7 26. Rce1 Kf8 27. Qd1 f5
28. Qc2 Kg8 29. Kc1 c5 30. dxc5 bxc5 31. Nxc5 Rc6 32. Kb1 Nxf2 33. Qxf2 Rxc5 34.
Qxf5 Qb5 35. Qe6+ Kh7 36. Qf5+ Kg8 37. b3 d4 38. Qe6+ Kh7 39. Qe4+ Kg8 40. exd4 1-0

[Event "Xtracon Chess Open 2017"]
[Site "Helsingor DEN"]
[Date "2017.07.30"]
[Round "10.42"]
[White "Deur Saric, Zrinka"]
[Black "Haubro, Martin"]
[Result "0-1"]
[WhiteTitle "WFM"]
[BlackTitle "IM"]
[WhiteElo "2152"]
[BlackElo "2365"]
[WhiteFideId "14512670"]
[BlackFideId "1414291"]
[EventDate "2017.07.22"]

1. e4 e5 2. Nf3 Nc6 3. Bb5 a6 4. Ba4 Nf6 5. O-O b5 6. Bb3 Bb7 7. d3 Be7 8. Re1
d6 9. c3 O-O 10. Nbd2 Nb8 11. a4 Nbd7 12. axb5 axb5 13. Rxa8 Qxa8 14. Nf1 Nc5
15. Bc2 Re8 16. Ne3 Bf8 17. b4 Ncd7 18. Bb3 c5 19. Ng5 d5 20. Nxd5 Nxd5 21. Qh5
N7f6 22. Qxf7+ Kh8 23. Bxd5 Bxd5 24. exd5 Re7 25. bxc5 Rxf7 26. Nxf7+ Kg8 27.
Nxe5 Bxc5 28. c4 Qa2 29. Be3 Bd6 30. Bf4 b4 31. d4 b3 32. c5 b2 0-1

[Event "Xtracon Chess Open 2017"]
[Site "Helsingor DEN"]
[Date "2017.07.30"]
[Round "10.43"]
[White "Matthiesen, Martin"]
[Black "Eriksson, Christian Altenburg"]
[Result "1/2-1/2"]
[WhiteTitle "FM"]
[WhiteElo "2349"]
[BlackElo "2156"]
[WhiteFideId "1404067"]
[BlackFideId "1412159"]
[EventDate "2017.07.22"]

1. d4 d5 2. Bf4 Nf6 3. e3 c5 4. c3 Qb6 5. Qb3 Nc6 6. Nd2 c4 7. Qc2 g6 8. h3 Bf5
9. Qc1 Bg7 10. Ngf3 O-O 11. Be2 Rac8 12. O-O Qd8 13. b4 cxb3 14. axb3 a6 15. Qb2
Ne4 16. Rfc1 Nxd2 17. Qxd2 h6 18. Bg3 Be4 19. Ne1 Qd7 20. Nd3 Bxd3 21. Qxd3 e6
22. Qd2 Ne7 23. c4 dxc4 24. bxc4 Nf5 25. Bh2 e5 26. d5 Nd6 27. Qb4 Ne4 28. Ra5
Rfd8 29. Bg4 f5 30. Be2 Kh7 31. Rb1 Qc7 32. f3 Nc5 33. Ra2 Qd6 34. Kh1 Kh8 35.
Qd2 Qe7 36. Rab2 Kh7 37. Rb6 Rd6 38. Rxd6 Qxd6 39. Qa5 Qc7 40. Qa3 Bf8 41. Qb2 1/2-1/2

[Event "Xtracon Chess Open 2017"]
[Site "Helsingor DEN"]
[Date "2017.07.30"]
[Round "10.44"]
[White "Tryggestad, Andreas Garberg"]
[Black "Chittka, Julius"]
[Result "1-0"]
[WhiteTitle "FM"]
[WhiteElo "2324"]
[BlackElo "2137"]
[WhiteFideId "1513338"]
[BlackFideId "12954772"]
[EventDate "2017.07.22"]

1. e4 d6 2. d4 Nf6 3. Nc3 e5 4. Nf3 Nbd7 5. Bc4 Be7 6. O-O O-O 7. Bb3 c6 8. Qe2
exd4 9. Nxd4 Nc5 10. Bc4 Qc7 11. a4 a5 12. Bf4 Re8 13. h3 Bf8 14. Qf3 Ncxe4 15.
Nxe4 Rxe4 16. Rad1 Qb6 17. c3 d5 18. Bd3 Re8 19. Bc2 Qxb2 20. Qd3 g6 21. c4 c5
22. Be3 Qb6 23. Rb1 Qd8 24. Nb5 d4 25. Bf4 Bf5 26. Qb3 Bxc2 27. Qxc2 Rc8 28. Na7
Ra8 29. Rxb7 Ne4 30. Nb5 Nd6 31. Bxd6 Bxd6 32. Qd3 Qf6 33. g3 Rad8 34. Ra7 Qg5
35. Qf3 Re7 36. Rxa5 Bb8 37. Rd1 Rde8 38. h4 Re1+ 39. Rxe1 Rxe1+ 40. Kg2 Qd8 41.
Ra8 Re8 42. a5 d3 43. a6 d2 44. a7 Bxa7 45. Rxd8 Rxd8 46. Nc3 1-0

[Event "Xtracon Chess Open 2017"]
[Site "Helsingor DEN"]
[Date "2017.07.30"]
[Round "10.45"]
[White "Kemarsky, Alexander"]
[Black "Risting, Eivind Olav"]
[Result "0-1"]
[BlackTitle "FM"]
[WhiteElo "2150"]
[BlackElo "2307"]
[WhiteFideId "2814196"]
[BlackFideId "1517333"]
[EventDate "2017.07.22"]

1. d4 Nf6 2. Nf3 c5 3. d5 b5 4. a4 b4 5. c4 g6 6. b3 Bg7 7. Bb2 O-O 8. g3 d6 9.
Bg2 Na6 10. O-O Nc7 11. Re1 Rb8 12. Nbd2 e5 13. Nxe5 dxe5 14. Bxe5 Re8 15. Bb2
Bf5 16. Ra2 Ne4 17. Bxg7 Kxg7 18. Bxe4 Bxe4 19. f3 Bxd5 20. cxd5 Nxd5 21. Nc4
Nc3 22. Qxd8 Rbxd8 23. Rc2 Rd5 24. Kf1 Red8 25. h4 f5 26. Rec1 Kf6 27. Ne3 R5d7
28. Kf2 Rd2 29. Ke1 R2d7 30. Kf2 Re8 31. Nc4 h6 32. Nb2 g5 33. hxg5+ hxg5 34.
Nd3 Rh7 35. Rg1 Rh2+ 36. Rg2 Nd1+ 37. Ke1 Rh1+ 38. Kd2 Ne3 0-1

[Event "Xtracon Chess Open 2017"]
[Site "Helsingor DEN"]
[Date "2017.07.30"]
[Round "10.47"]
[White "Veng, Johnni"]
[Black "Storme, Isak"]
[Result "1/2-1/2"]
[WhiteTitle "FM"]
[WhiteElo "2279"]
[BlackElo "2129"]
[WhiteFideId "1408623"]
[BlackFideId "1728113"]
[EventDate "2017.07.22"]

1. Nf3 c5 2. c4 Nf6 3. Nc3 g6 4. g3 Bg7 5. Bg2 O-O 6. O-O d5 7. d3 Nc6 8. Bf4 d4
9. Na4 Nh5 10. Bd2 Qd6 11. a3 b6 12. b4 Rb8 13. Rb1 e5 14. Qc2 Bd7 15. bxc5 1/2-1/2

[Event "Xtracon Chess Open 2017"]
[Site "Helsingor DEN"]
[Date "2017.07.30"]
[Round "10.48"]
[White "Lahlum, Hans Olav"]
[Black "Rosenkilde, Alexander"]
[Result "1/2-1/2"]
[WhiteElo "2131"]
[BlackElo "2274"]
[WhiteFideId "1501348"]
[BlackFideId "1408488"]
[EventDate "2017.07.22"]

1. d4 Nf6 2. c4 e6 3. Nc3 Bb4 4. Qc2 O-O 5. a3 Bxc3+ 6. Qxc3 d5 7. Bg5 dxc4 8.
Qxc4 b6 9. Nf3 Ba6 10. Qa4 Qc8 11. Bxf6 gxf6 12. g3 Nd7 13. Bg2 c5 14. Rc1 Rb8
15. dxc5 bxc5 16. Qg4+ Kh8 17. b4 Qd8 18. Qf4 cxb4 19. axb4 Qb6 20. Rb1 Rfc8 21.
Qd2 Nc5 22. O-O Ne4 23. Qf4 Rc4 24. Nd2 Nxd2 25. Qxf6+ Kg8 26. Qg5+ Kh8 27. Qf6+
Kg8 28. Qg5+ Kh8 29. Qf6+ 1/2-1/2

[Event "Xtracon Chess Open 2017"]
[Site "Helsingor DEN"]
[Date "2017.07.30"]
[Round "10.49"]
[White "Stojanovski, Sandi"]
[Black "Skjoldager, Per"]
[Result "1-0"]
[WhiteTitle "FM"]
[WhiteElo "2268"]
[BlackElo "2126"]
[WhiteFideId "1403249"]
[BlackFideId "1408828"]
[EventDate "2017.07.22"]

1. c4 e6 2. g3 Nf6 3. Bg2 d5 4. Nf3 Be7 5. O-O O-O 6. b3 b6 7. Bb2 Nbd7 8. cxd5
exd5 9. Nd4 Bb7 10. Nf5 Re8 11. Nxe7+ Qxe7 12. Nc3 Ne4 13. Nxe4 dxe4 14. Rc1 c5
15. b4 Qe6 16. a3 Bd5 17. Qc2 Rad8 18. Qa4 a5 19. bxa5 b5 20. Qc2 f6 21. d3 exd3
22. Bxd5 Qxd5 23. exd3 Ra8 24. Rfe1 Rxe1+ 25. Rxe1 Ne5 26. Bxe5 fxe5 27. Qb2
Qxd3 28. Qxe5 Qd4 29. Qe6+ Kf8 30. Re4 Qa1+ 31. Kg2 g6 32. Rf4+ Kg7 33. Rf7+ Kh8
34. Qe7 Kg8 35. Rxh7 Rf8 36. Rh4 Qg7 37. Qxg7+ Kxg7 38. Re4 Rc8 39. Re5 Kf6 40.
f4 c4 41. Rxb5 c3 42. Rb1 Ke6 43. Kf3 c2 44. Rc1 Kf5 45. Ke3 Rc3+ 46. Kd4 Rxa3
47. Rxc2 Ra4+ 48. Rc4 Ra2 49. Rc5+ Kf6 50. h4 Ra3 51. Rg5 Rf3 52. Kc5 1-0